Auction Mart (Record no. 79324)

MARC details
000 -LEADER
fixed length control field 00594cab a22001695a 4500
001 - CONTROL NUMBER
control field L140715
008 - FIXED-LENGTH DATA ELEMENTS--GENERAL INFORMATION
fixed length control field 071008e18080916xxk 000 0 eng d
035 ## - SYSTEM CONTROL NUMBER
System control number (Sirsi) u140715
041 0# - LANGUAGE CODE
Language code of text/sound track or separate title eng
245 00 - TITLE STATEMENT
Title Auction Mart
260 ## - PUBLICATION, DISTRIBUTION, ETC.
Date of publication, distribution, etc. 1808
490 ## - SERIES STATEMENT
Series statement Morning Chronicle
Volume/sequential designation (12,275) 16 September 1808, 1(1)
520 ## - SUMMARY, ETC.
Summary, etc. An announcement of the date of the ceremony for laying the first stone of the Auction Mart in Bartholomew Lane, together with a list of directors. On the verso are advertisement for auctions to be held.
651 #4 - SUBJECT ADDED ENTRY--GEOGRAPHIC NAME
Geographic name London
690 ## - LOCAL SUBJECT ADDED ENTRY--TOPICAL TERM (OCLC, RLIN)
Topical term or geographic name as entry element Auctioneering
9 (RLIN) 6218
942 ## - ADDED ENTRY ELEMENTS (KOHA)
Suppress in OPAC 0
Holdings
Withdrawn status Lost status Source of classification or shelving scheme Damaged status Not for loan Home library Current library Shelving location Date acquired Total Checkouts Full call number Barcode Date last seen Copy number Price effective from Koha item type
    Dewey Decimal Classification     London London Basement 08/10/2007   BASEMENT BOX 1 140715-1001 06/08/2019 1 06/08/2019 Archive